Datum a čas kvízu

41.5 Celkem bodů Celkový počet nahraných bodů na tomto kvízu bez doplňovacích otázek.
8. Pořadí na kvízu Konečné umístění týmu na tomto kvízu.

Zaznamenané odpovědi

# Otázka Odpověď Body Výsledky
1. Minulou středu proběhl po celé... 11:59 1
2. Minulý týden jsme se dozvěděli... penisy 1
3. Studio Disney vydalo minulý tý... A) budou ve znakové řeči 0
4. Španělští archeologové objevil... B 1
5. Spor USA s Íránem může mít kro... Itálií 1
6. Vědci v minulosti několikrát t... D) 1
7. Světová zdravotnická organizac... o Gruzii 1
8. V červenci 2025 Senát schválil... 3 (2 a 4 za půl bodu) 1
9. Na které z fotografií se nachá... A) 1
10. Tinktura z opia se v minulosti... laudanum 1